000 00723nam a2200241 i 4500
001 17386
003 ES-MaACL
005 20230906151552.0
007 t|
008 010228s1999 sp ||||1| spa d
020 _a84-7960-266-X
080 _a82-1.09
100 1 _aTorres Nebrera, Gregorio.
_9110995
245 1 0 _aEntendimiento del poema
_b: de Rubén Darío a Claudio Rodríguez.
250 _a1ª ed.
260 _aMadrid :
_bEdiciones de la Torre,
_c1999.
300 _a319 p. ;
_c22 cm.
490 1 _aNuestro mundo ;
_v27.
_aLogos
650 1 4 _aPoesía-
_xComentario de textos.
_916150
830 0 _aNuestro mundo ;
_v27.
_aLogos
_9192502
852 _aES-MaACL
_jL-24340
_bR.129038
999 _c17386
_d17386